00333nam a2200157Ia 4500008004100000041000800041082001100049100001800060245001500078260003300093300000800126365001100134500000800145520001200153650001000165230605s2011 xx 000 0 und d aeng a839.82 aFuller/Currie aThe Waiter bSterling Book Hos.Pub c2011 a270 b361h5 a320 aGeneral aF. B.